| 000 | 01103nam a2200289Ia 4500 | ||
|---|---|---|---|
| 001 | ebr10639759 | ||
| 003 | CaPaEBR | ||
| 006 | m u | ||
| 007 | cr cn||||||||| | ||
| 008 | 130111s2013 enk s 001 0aeng d | ||
| 020 | _z9780957147942 | ||
| 020 | _z9780957147966 | ||
| 040 |
_aCaPaEBR _cCaPaEBR |
||
| 035 | _a(OCoLC)829937728 | ||
| 050 | 1 | 4 |
_aPN5123.P85 _bA3 2013eb |
| 100 | 1 | _aPulford, Cedric. | |
| 245 | 1 | 0 |
_aJournalism my way _h[electronic resource] : _ban offbeat life in the media / _cCedric Pulford. |
| 260 |
_aWoodford Halse, Northants, UK : _bIturi, _c2013. |
||
| 300 | _aviii, 274 p. | ||
| 500 | _aIncludes index. | ||
| 533 |
_aElectronic reproduction. _bPalo Alto, Calif. : _cebrary, _d2013. _nAvailable via World Wide Web. _nAccess may be limited to ebrary affiliated libraries. |
||
| 600 | 1 | 0 | _aPulford, Cedric. |
| 650 | 0 |
_aJournalists _zEngland _zLondon _vBiography. |
|
| 655 | 7 |
_aElectronic books. _2local |
|
| 710 | 2 | _aebrary, Inc. | |
| 856 | 4 | 0 |
_uhttp://site.ebrary.com/lib/rucke/Doc?id=10639759 _zAn electronic book accessible through the World Wide Web; click to view |
| 999 |
_c160217 _d160217 |
||